| 000 | 01026nam a2200265 i 4500 | ||
|---|---|---|---|
| 003 | EG-ScBUE | ||
| 005 | 20240129095541.0 | ||
| 008 | 110912s1999 u f 000 0 ara d | ||
| 017 | _a99 / 13928 | ||
| 040 |
_aEG-ScBUE _bara _erda _cEG-ScBUE _dEG-ScBUE |
||
| 043 | _af-ua--- | ||
| 082 | 0 | 4 |
_222 _a962.055 _bخ ض ر |
| 100 | 1 |
_927117 _aخضر، هشام، _eمؤلف. |
|
| 245 | 1 | 0 |
_aآلو سيادة الرئيس : _bحديث تليفوني من وحي الخيال / _cهشام خضر. |
| 264 | 1 |
_aالقاهرة : _bمؤسسة الطوبجي للتجارة والطباعة والنشر، _c[1999] |
|
| 300 |
_a282 صفحة ؛ _c24 سم |
||
| 336 |
_2rdacontent _aنص _btxt |
||
| 337 |
_aبدون وسيط _2rdamedia _bn |
||
| 338 |
_aمجلد _bnc _2rdacarrier |
||
| 600 | 1 | 7 |
_927119 _aمبارك، محمد حسني، _d1928-2020. _2BUEsh |
| 650 | 7 |
_927120 _aمصر _xتاريخ _yالعصر الحديث _yحسني مبارك (1981-2011). _2BUEsh |
|
| 653 | _cSeptember2011 | ||
| 655 | _vReading book | ||
| 942 |
_2ddc _cBB |
||
| 999 |
_c15997 _d15997 |
||